[Event "FRA-chT U20"]
[Site "Lille"]
[Date "2013.12.08"]
[Round "2.7"]
[White "Hadji, Rasla"]
[Black "Joulia, Benjamin"]
[Result "1-0"]
[WhiteElo "1087"]
[BlackElo "1390"]
[PlyCount "63"]
[EventDate "2013.12.07"]
[EventType "team-match"]
[EventRounds "5"]
[EventCountry "FRA"]
[SourceTitle "EXT 2015"]
[Source "ChessBase"]
[SourceDate "2014.11.20"]
[SourceVersion "1"]
[SourceVersionDate "2014.11.20"]
[SourceQuality "1"]

1. e4 e5 2. Nf3 Nc6 3. d4 exd4 4. Nxd4 Bc5 5. Be3 Nf6 6. Nxc6 bxc6 7. Bxc5 Nxe4 8. Bd4 Qe7 9. Be2 Ba6 10. Bxg7 Rg8 11. Bd4 Rxg2 12. Nc3 Nxc3 13. Bxc3 Bxe2 14. Qxe2 Qxe2+ 15. Kxe2 0-0-0 16. Kf3 Rg5 17. Kf4 Rg2 18. Raf1 Re8 19. h4 Re2 20. Kf3 Rxc2 21. Kxg2 Re2 22. Re1 Rc2 23. Re7 h5 24. Rhe1 f5 25. R1e5 f4 26. Rxh5 Rc1 27. Rhh7 Ra1 28. Rxd7 Rxa2 29. Rxc7+ Kd8 30. Rcg7 f3+ 31. Kxf3 Rxb2 32. Rg8# 1-0